[Event "Dois Irmaos op"]
[Site "Dois Irmaos"]
[Date "2011.12.18"]
[Round "6"]
[White "Strauss Boff, Lucas"]
[Black "Kruger, Israel"]
[Result "1-0"]
[WhiteElo "1758"]
[BlackElo "1911"]
[PlyCount "88"]
[EventDate "2011.12.16"]
[EventType "swiss"]
[EventRounds "6"]
[EventCountry "BRA"]
[SourceTitle "CBM 146 Extra"]
[Source "ChessBase"]
[SourceDate "2012.02.29"]
[SourceVersion "1"]
[SourceVersionDate "2012.02.29"]
[SourceQuality "1"]

1. Nf3 Nf6 2. g3 g6 3. Bg2 Bg7 4. 0-0 c5 5. c4 Nc6 6. Nc3 0-0 7. d4 cxd4 8. Nxd4 Nxd4 9. Qxd4 d6 10. e4 a6 11. Qd3 Rb8 12. Be3 Ng4 13. Ba7 Ra8 14. Bd4 Ne5 15. Qe2 Qc7 16. Nd5 Qd8 17. Bb6 Qd7 18. Be3 Qd8 19. Bg5 Nc6 20. Qd2 Re8 21. Rac1 Be6 22. b4 f6 23. Be3 Bxd5 24. exd5 Ne5 25. c5 f5 26. Rfd1 Ng4 27. Bd4 Bxd4 28. Qxd4 Nf6 29. a4 Qd7 30. c6 Qc7 31. a5 Rab8 32. Bf1 b5 33. axb6 Rxb6 34. Ra1 Reb8 35. Ra4 Kf8 36. Rda1 Nxd5 37. Qxd5 Rxc6 38. Rxa6 Rxa6 39. Rxa6 Rxb4 40. Ra8+ Kg7 41. Rg8+ Kf6 42. Rf8+ Kg7 43. Qf7+ Kh6 44. Rh8 Rb1 1-0